000 00567nam a2200181Ia 4500
008 090123s9999 xx 000 0 und d
082 _b40497
100 _aमिरासदार द.मा.
245 _aखडे आणि ओरखडे
250 _a2
260 _bसुपर्ण प्रकाशन
_c2003
300 _a168
600 _aमिरासदार द.मा.
630 _aखडे आणि ओरखडे
700 _aमिरासदार द.मा.
730 _aखडे आणि ओरखडे
942 _cBOOK
999 _c78570
_d78570